[Event "DEM U8 2025"]
[Site "Willingen GER"]
[Date "2025.06.12"]
[Round "4"]
[White "Lassak, Max"]
[Black "Trifonov, Martin"]
[Result "0-1"]
[Termination "normal"]
[Board "14"]
[WhiteElo "1025"]
[BlackElo "1397"]
[WhiteClock "00:42:01"]
[BlackClock "00:02:19"]
[PlyCount "178"]
[BlackFideId "2966204"]
[EventCountry "GER"]
[EventRounds "7"]
[EventType "swiss"]
[EventDate "2025.06.10"]

1. e4 {[%clk 01:00:28]} {[%emt 00:00:02]} c6 {[%clk 01:00:19]} {[%emt
00:00:11]} 2. d4 {[%clk 01:00:33]} {[%emt 00:00:10]} d5 {[%clk 01:00:21]}
{[%emt 00:00:13]} 3. exd5 {[%clk 01:00:33]} {[%emt 00:00:15]} cxd5 {[%clk
01:00:23]} {[%emt 00:00:13]} 4. c3 {[%clk 01:00:39]} {[%emt 00:00:09]} Nc6
{[%clk 01:00:22]} {[%emt 00:00:15]} 5. Nf3 {[%clk 01:00:42]} {[%emt 00:00:13]}
Nf6 {[%clk 00:59:29]} {[%emt 00:01:08]} 6. Bf4 {[%clk 01:00:42]} {[%emt
00:00:15]} Bf5 {[%clk 00:57:43]} {[%emt 00:02:02]} 7. Bd3 {[%emt 00:02:08]}
Bxd3 {[%clk 00:56:14]} {[%emt 00:00:25]} 8. Qxd3 {[%clk 01:00:08]} {[%emt
00:00:13]} e6 {[%clk 00:55:48]} {[%emt 00:00:42]} 9. Nbd2 {[%clk 01:00:09]}
{[%emt 00:00:15]} Bd6 {[%clk 00:55:04]} {[%emt 00:00:58]} 10. Bxd6 {[%clk
01:00:07]} {[%emt 00:00:18]} Qxd6 {[%clk 00:54:59]} {[%emt 00:00:20]} 11. O-O
{[%clk 01:00:05]} {[%emt 00:00:16]} O-O {[%clk 00:54:32]} {[%emt 00:00:27]} 12.
Rfe1 {[%clk 01:00:12]} {[%emt 00:00:23]} Rac8 {[%clk 00:53:19]} {[%emt
00:01:28]} 13. Re2 {[%clk 00:59:52]} {[%emt 00:00:35]} Rfe8 {[%clk 00:49:44]}
{[%emt 00:03:50]} 14. Rae1 {[%clk 00:59:50]} {[%emt 00:00:17]} Nd7 {[%clk
00:49:26]} {[%emt 00:00:33]} 15. Ne5 {[%clk 00:58:09]} {[%emt 00:01:57]} Ncxe5
{[%clk 00:49:20]} {[%emt 00:00:20]} 16. dxe5 {[%clk 00:58:01]} {[%emt
00:00:23]} Qb6 {[%clk 00:47:20]} {[%emt 00:02:16]} 17. b4 {[%clk 00:56:20]}
{[%emt 00:01:55]} a5 {[%clk 00:46:24]} {[%emt 00:01:10]} 18. Rb1 {[%clk
00:55:36]} {[%emt 00:01:01]} Rc7 {[%clk 00:45:51]} {[%emt 00:00:49]} 19. Nf3
{[%emt 00:03:41]} Rec8 {[%clk 00:42:36]} {[%emt 00:00:35]} 20. Rc2 {[%clk
00:55:12]} {[%emt 00:00:08]} Nc5 {[%clk 00:40:52]} {[%emt 00:01:59]} 21. Qe3
{[%clk 00:54:42]} {[%emt 00:00:43]} Nd7 {[%clk 00:39:37]} {[%emt 00:01:29]} 22.
Qxb6 {[%clk 00:54:15]} {[%emt 00:00:45]} Nxb6 {[%clk 00:38:58]} {[%emt
00:00:53]} 23. bxa5 {[%clk 00:53:34]} {[%emt 00:00:56]} Nc4 {[%clk 00:36:24]}
{[%emt 00:02:50]} 24. Rb3 {[%clk 00:51:49]} {[%emt 00:01:57]} Nxa5 {[%clk
00:35:39]} {[%emt 00:01:02]} 25. Ra3 {[%clk 00:51:19]} {[%emt 00:00:44]} Nc6
{[%clk 00:33:25]} {[%emt 00:02:29]} 26. h3 {[%clk 00:51:12]} {[%emt 00:00:22]}
h6 {[%clk 00:32:08]} {[%emt 00:01:33]} 27. Ra4 {[%clk 00:50:55]} {[%emt
00:00:30]} Ne7 {[%clk 00:30:33]} {[%emt 00:01:51]} 28. Ra3 {[%clk 00:50:56]}
{[%emt 00:00:16]} Nf5 {[%clk 00:28:25]} {[%emt 00:02:22]} 29. g4 {[%clk
00:48:38]} {[%emt 00:02:32]} Ne7 {[%clk 00:27:34]} {[%emt 00:01:07]} 30. Nd4
{[%clk 00:48:21]} {[%emt 00:00:28]} Ng6 {[%clk 00:25:35]} {[%emt 00:02:18]} 31.
Nf3 {[%clk 00:48:08]} {[%emt 00:00:27]} Nf4 {[%clk 00:25:31]} {[%emt 00:00:20]}
32. Kh2 {[%clk 00:47:30]} {[%emt 00:00:49]} g5 {[%clk 00:24:29]} {[%emt
00:01:21]} 33. Kg3 {[%clk 00:46:26]} {[%emt 00:01:19]} Rc4 {[%clk 00:21:23]}
{[%emt 00:03:21]} 34. Nd4 {[%clk 00:45:21]} {[%emt 00:01:20]} Rxd4 {[%clk
00:20:52]} {[%emt 00:00:46]} 35. cxd4 {[%clk 00:44:20]} {[%emt 00:01:16]} Rxc2
{[%clk 00:20:39]} {[%emt 00:00:26]} 36. Ra8+ {[%clk 00:43:36]} {[%emt
00:01:02]} Kg7 {[%clk 00:20:25]} {[%emt 00:00:29]} 37. Ra4 {[%clk 00:43:29]}
{[%emt 00:00:21]} Rc3+ {[%clk 00:19:31]} {[%emt 00:01:07]} 38. Kh2 {[%clk
00:43:07]} {[%emt 00:00:40]} Rxh3+ {[%clk 00:19:36]} {[%emt 00:00:10]} 39. Kg1
{[%clk 00:43:10]} {[%emt 00:00:12]} Rh4 {[%clk 00:18:12]} {[%emt 00:01:40]} 40.
f3 {[%clk 00:43:01]} {[%emt 00:00:24]} h5 {[%emt 00:01:00]} 41. gxh5 {[%emt
00:00:18]} Ne2+ {[%clk 00:16:02]} {[%emt 00:00:49]} 42. Kf2 {[%clk 00:43:12]}
{[%emt 00:00:21]} Rxd4 {[%clk 00:16:01]} {[%emt 00:00:11]} 43. Ra7 {[%emt
00:00:44]} Nf4 {[%clk 00:15:42]} {[%emt 00:00:12]} 44. Rxb7 {[%clk 00:42:46]}
{[%emt 00:00:40]} Nxh5 {[%emt 00:00:36]} 45. Rb1 {[%emt 00:00:21]} Rd2+ {[%clk
00:14:24]} {[%emt 00:00:16]} 46. Ke3 {[%clk 00:42:54]} {[%emt 00:00:26]} Rxa2
{[%emt 00:00:12]} 47. Rg1 {[%emt 00:00:40]} Kg6 {[%clk 00:11:37]} {[%emt
00:00:40]} 48. Rg4 {[%clk 00:42:52]} {[%emt 00:02:32]} f5 {[%clk 00:10:50]}
{[%emt 00:00:48]} 49. exf6 {[%clk 00:42:29]} {[%emt 00:00:39]} Nxf6 {[%clk
00:10:51]} {[%emt 00:00:14]} 50. Rg1 {[%clk 00:42:04]} {[%emt 00:00:38]} Ra3+
{[%emt 00:00:12]} 51. Kf2 {[%emt 00:00:17]} d4 {[%clk 00:10:16]} {[%emt
00:00:11]} 52. Ke2 {[%clk 00:42:15]} {[%emt 00:00:14]} Nd5 {[%emt 00:00:23]}
53. Rd1 {[%emt 00:00:26]} Nc3+ {[%emt 00:00:12]} 54. Kd2 {[%emt 00:00:17]} Nxd1
{[%clk 00:09:02]} {[%emt 00:00:12]} 55. Kxd1 {[%clk 00:42:20]} {[%emt
00:00:10]} Rxf3 {[%emt 00:00:09]} 56. Kd2 {[%emt 00:00:15]} Kf5 {[%clk
00:08:33]} {[%emt 00:00:19]} 57. Ke2 {[%clk 00:42:09]} {[%emt 00:00:27]} Rh3
{[%emt 00:00:11]} 58. Kd2 {[%emt 00:01:04]} e5 {[%emt 00:00:16]} 59. Ke2 {[%emt
00:00:09]} e4 {[%emt 00:00:10]} 60. Kd2 {[%emt 00:00:14]} g4 {[%emt 00:00:09]}
61. Ke2 {[%emt 00:00:06]} Kg5 {[%emt 00:00:22]} 62. Kd2 {[%emt 00:00:31]} Kh4
{[%clk 00:04:50]} {[%emt 00:00:39]} 63. Ke2 {[%clk 00:42:14]} {[%emt 00:00:16]}
Rd3 {[%clk 00:04:49]} {[%emt 00:00:13]} 64. Kf2 {[%clk 00:42:17]} {[%emt
00:00:15]} e3+ {[%emt 00:01:20]} 65. Ke2 {[%emt 00:00:10]} Rd2+ {[%emt
00:00:05]} 66. Ke1 {[%emt 00:00:14]} Kg3 {[%emt 00:00:18]} 67. Kf1 {[%emt
00:00:14]} Rd1+ {[%emt 00:00:17]} 68. Ke2 {[%emt 00:00:18]} Rd2+ {[%emt
00:00:09]} 69. Ke1 {[%emt 00:00:10]} Kf3 {[%clk 00:01:15]} {[%emt 00:00:19]}
70. Kf1 {[%clk 00:42:29]} {[%emt 00:00:19]} g3 {[%emt 00:00:24]} 71. Ke1 {[%emt
00:00:17]} Rd1+ {[%clk 00:00:38]} {[%emt 00:00:06]} 72. Kxd1 {[%clk 00:42:38]}
{[%emt 00:00:12]} d3 {[%emt 00:00:06]} 73. Ke1 {[%emt 00:00:18]} d2+ {[%clk
00:00:23]} {[%emt 00:00:06]} 74. Kd1 {[%clk 00:42:34]} {[%emt 00:00:17]} g2
{[%clk 00:00:20]} {[%emt 00:00:19]} 75. Kc2 {[%clk 00:42:40]} {[%emt 00:00:10]}
g1=Q {[%clk 00:00:13]} {[%emt 00:00:12]} 76. Kd3 {[%clk 00:42:51]} {[%emt
00:01:32]} d1=Q+ {[%clk 00:00:24]} {[%emt 00:00:05]} 77. Kc3 {[%clk 00:42:49]}
{[%emt 00:00:16]} e2 {[%emt 00:00:23]} 78. Kc4 {[%clk 00:42:39]} {[%emt
00:00:03]} e1=Q {[%clk 00:00:49]} {[%emt 00:00:04]} 79. Kb5 {[%clk 00:42:33]}
{[%emt 00:00:20]} Qg5+ {[%clk 00:00:30]} {[%emt 00:00:07]} 80. Kc4 {[%clk
00:42:40]} {[%emt 00:00:35]} Qe4+ {[%clk 00:00:38]} {[%emt 00:00:08]} 81. Kc3
{[%clk 00:42:36]} {[%emt 00:00:19]} Qdd3+ {[%clk 00:00:51]} {[%emt 00:00:02]}
82. Kb2 {[%clk 00:42:27]} {[%emt 00:00:24]} Qb7+ {[%clk 00:00:55]} {[%emt
00:00:09]} 83. Ka2 {[%clk 00:42:26]} {[%emt 00:00:17]} Qg2+ {[%clk 00:01:06]}
{[%emt 00:00:04]} 84. Ka1 {[%clk 00:42:25]} {[%emt 00:00:16]} Qgf1+ {[%clk
00:01:15]} {[%emt 00:00:06]} 85. Ka2 {[%clk 00:42:27]} {[%emt 00:00:13]} Qfe2+
{[%clk 00:01:29]} {[%emt 00:00:02]} 86. Ka1 {[%clk 00:42:34]} {[%emt 00:00:08]}
Qed1+ {[%clk 00:01:42]} {[%emt 00:00:02]} 87. Ka2 {[%clk 00:42:02]} {[%emt
00:00:47]} Qbd5+ {[%clk 00:01:54]} {[%emt 00:00:03]} 88. Kb2 {[%clk 00:42:02]}
{[%emt 00:00:15]} Q1d2+ {[%clk 00:02:05]} {[%emt 00:00:03]} 89. Ka1 {[%clk
00:42:01]} {[%emt 00:00:17]} Q5d4# {[%clk 00:02:19]} {[%emt 00:00:01]} 0-1

[Event "DEM U8 2025"]
[Site "Willingen GER"]
[Date "2025.06.12"]
[Round "4"]
[White "Bektas, Luey"]
[Black "Storl, Jaro"]
[Result "1/2-1/2"]
[Termination "normal"]
[Board "15"]
[WhiteElo "1053"]
[BlackElo "1281"]
[WhiteClock "00:44:09"]
[BlackClock "00:02:18"]
[PlyCount "120"]
[WhiteFideId "533024642"]
[EventCountry "GER"]
[EventRounds "7"]
[EventType "swiss"]
[EventDate "2025.06.10"]

1. e4 {[%clk 01:00:27]} {[%emt 00:00:02]} c5 {[%clk 01:00:23]} {[%emt
00:00:07]} 2. Nc3 {[%clk 01:00:35]} {[%emt 00:00:07]} a6 {[%clk 01:00:27]}
{[%emt 00:00:12]} 3. a4 {[%clk 01:00:33]} {[%emt 00:00:17]} e6 {[%clk
00:58:38]} {[%emt 00:02:04]} 4. Nf3 {[%clk 01:00:02]} {[%emt 00:00:45]} Ne7
{[%clk 00:57:00]} {[%emt 00:01:53]} 5. d4 {[%clk 00:59:59]} {[%emt 00:00:18]}
cxd4 {[%clk 00:55:24]} {[%emt 00:01:50]} 6. Nxd4 {[%clk 00:59:35]} {[%emt
00:00:32]} Nbc6 {[%clk 00:55:17]} {[%emt 00:00:30]} 7. Be3 {[%clk 00:58:59]}
{[%emt 00:00:51]} Nxd4 {[%clk 00:50:47]} {[%emt 00:04:45]} 8. Bxd4 {[%emt
00:01:29]} Nc6 {[%clk 00:50:02]} {[%emt 00:00:01]} 9. a5 {[%clk 00:58:11]}
{[%emt 00:00:49]} Nxa5 {[%clk 00:49:48]} {[%emt 00:00:28]} 10. Bd3 {[%clk
00:57:40]} {[%emt 00:00:46]} Nc6 {[%clk 00:49:52]} {[%emt 00:00:10]} 11. Be3
{[%clk 00:57:44]} {[%emt 00:00:12]} Be7 {[%clk 00:49:06]} {[%emt 00:01:01]} 12.
O-O {[%clk 00:57:52]} {[%emt 00:00:07]} O-O {[%clk 00:49:07]} {[%emt 00:00:15]}
13. Qg4 {[%clk 00:57:34]} {[%emt 00:00:31]} Ne5 {[%clk 00:49:03]} {[%emt
00:00:20]} 14. Qg3 {[%clk 00:57:28]} {[%emt 00:00:21]} Re8 {[%clk 00:48:05]}
{[%emt 00:01:14]} 15. Qxe5 {[%clk 00:57:06]} {[%emt 00:00:36]} d5 {[%clk
00:46:45]} {[%emt 00:01:36]} 16. exd5 {[%clk 00:56:34]} {[%emt 00:00:46]} Bd6
{[%clk 00:46:22]} {[%emt 00:00:39]} 17. Qg5 {[%clk 00:55:48]} {[%emt 00:00:58]}
f6 {[%clk 00:45:49]} {[%emt 00:00:50]} 18. Qh5 {[%clk 00:55:27]} {[%emt
00:00:34]} f5 {[%clk 00:41:11]} {[%emt 00:04:55]} 19. dxe6 {[%clk 00:54:27]}
{[%emt 00:01:15]} Rxe6 {[%clk 00:40:01]} {[%emt 00:01:26]} 20. Bc4 {[%clk
00:54:31]} {[%emt 00:00:10]} g6 {[%clk 00:39:31]} {[%emt 00:00:45]} 21. Bxe6+
{[%clk 00:54:21]} {[%emt 00:00:25]} Bxe6 {[%clk 00:39:39]} {[%emt 00:00:08]}
22. Qe2 {[%clk 00:54:16]} {[%emt 00:00:19]} Rc8 {[%clk 00:37:50]} {[%emt
00:02:05]} 23. Bg5 {[%clk 00:54:12]} {[%emt 00:00:18]} Qd7 {[%clk 00:36:57]}
{[%emt 00:01:08]} 24. Rad1 {[%clk 00:53:38]} {[%emt 00:00:49]} Bf7 {[%clk
00:30:45]} {[%emt 00:06:27]} 25. Bf4 {[%clk 00:52:52]} {[%emt 00:01:01]} Rc6
{[%clk 00:24:11]} {[%emt 00:06:49]} 26. Qd3 {[%clk 00:52:13]} {[%emt 00:00:54]}
Bc4 {[%clk 00:23:13]} {[%emt 00:01:13]} 27. Qg3 {[%clk 00:51:09]} {[%emt
00:01:19]} Bxf1 {[%clk 00:22:27]} {[%emt 00:01:00]} 28. Bxd6 {[%clk 00:51:07]}
{[%emt 00:00:16]} Bc4 {[%clk 00:18:18]} {[%emt 00:04:25]} 29. Qe5 {[%clk
00:49:23]} {[%emt 00:02:00]} Be6 {[%clk 00:14:34]} {[%emt 00:03:58]} 30. Bf8
{[%clk 00:49:02]} {[%emt 00:00:37]} Qf7 {[%clk 00:11:31]} {[%emt 00:03:16]} 31.
Rd8 {[%emt 00:00:49]} Rc8 {[%clk 00:10:12]} {[%emt 00:01:33]} 32. Rxc8 {[%clk
00:47:21]} {[%emt 00:01:23]} Bxc8 {[%clk 00:09:33]} {[%emt 00:00:57]} 33. Bd6
{[%clk 00:46:45]} {[%emt 00:00:50]} g5 {[%clk 00:05:24]} {[%emt 00:04:25]} 34.
Nd5 {[%clk 00:46:44]} {[%emt 00:00:16]} Qe6 {[%clk 00:01:29]} {[%emt 00:04:09]}
35. Ne7+ {[%clk 00:46:47]} {[%emt 00:00:13]} Kf7 {[%clk 00:00:45]} {[%emt
00:00:59]} 36. Nxc8 {[%clk 00:46:51]} {[%emt 00:00:10]} Qxc8 {[%clk 00:00:56]}
{[%emt 00:00:04]} 37. Qe7+ {[%clk 00:46:54]} {[%emt 00:00:12]} Kg6 {[%clk
00:01:10]} 38. Qc7 {[%clk 00:46:33]} {[%emt 00:00:36]} Qe6 {[%clk 00:01:21]}
{[%emt 00:00:03]} 39. h3 {[%clk 00:46:31]} {[%emt 00:00:18]} Qe1+ {[%clk
00:01:01]} {[%emt 00:00:35]} 40. Kh2 {[%clk 00:46:37]} {[%emt 00:00:09]} Qxf2
{[%clk 00:01:11]} {[%emt 00:00:05]} 41. Bg3 {[%clk 00:46:36]} {[%emt 00:00:16]}
Qe2 {[%clk 00:01:09]} {[%emt 00:00:16]} 42. Qxb7 {[%clk 00:46:18]} {[%emt
00:00:33]} f4 {[%clk 00:01:21]} {[%emt 00:00:03]} 43. Bxf4 {[%clk 00:46:02]}
{[%emt 00:00:31]} gxf4 {[%clk 00:01:16]} {[%emt 00:00:21]} 44. Qc6+ {[%clk
00:46:00]} {[%emt 00:00:17]} Kg5 {[%clk 00:00:42]} {[%emt 00:00:49]} 45. h4+
{[%clk 00:45:44]} {[%emt 00:00:32]} Kxh4 {[%clk 00:00:19]} {[%emt 00:00:38]}
46. Qh6+ {[%clk 00:44:56]} {[%emt 00:01:02]} Qh5 {[%clk 00:00:28]} {[%emt
00:00:07]} 47. Qxf4+ {[%clk 00:44:58]} {[%emt 00:00:12]} Qg4 {[%clk 00:00:35]}
{[%emt 00:00:09]} 48. Qxg4+ {[%clk 00:45:02]} {[%emt 00:00:09]} Kxg4 {[%clk
00:00:49]} {[%emt 00:00:02]} 49. c4 {[%clk 00:44:51]} {[%emt 00:00:26]} Kf5
{[%clk 00:00:51]} {[%emt 00:00:13]} 50. b4 {[%clk 00:44:53]} {[%emt 00:00:14]}
Ke5 {[%clk 00:00:59]} {[%emt 00:00:07]} 51. Kg3 {[%clk 00:44:06]} {[%emt
00:01:01]} Kd4 {[%clk 00:01:12]} {[%emt 00:00:02]} 52. b5 {[%clk 00:44:09]}
{[%emt 00:00:12]} axb5 {[%clk 00:01:15]} {[%emt 00:00:13]} 53. cxb5 {[%emt
00:00:19]} Kc5 54. Kg4 {[%clk 00:44:09]} {[%emt 00:00:10]} Kxb5 {[%clk
00:01:43]} {[%emt 00:00:01]} 55. Kh5 {[%emt 00:00:11]} Kc4 56. g4 {[%clk
00:44:17]} {[%emt 00:00:10]} Kd5 {[%clk 00:02:13]} 57. Kh6 {[%clk 00:44:11]}
{[%emt 00:00:23]} Ke5 {[%clk 00:02:18]} {[%emt 00:00:09]} 58. Kg5 {[%clk
00:43:56]} {[%emt 00:00:29]} Ke4 {[%clk 00:01:53]} {[%emt 00:00:40]} 59. Kf6
{[%clk 00:44:01]} {[%emt 00:00:10]} Kf4 {[%clk 00:02:06]} {[%emt 00:00:03]} 60.
g5 {[%clk 00:44:09]} {[%emt 00:00:06]} Kg4 {[%clk 00:02:18]} {[%emt 00:00:03]}
1/2-1/2

[Event "DEM U8 2025"]
[Site "Willingen GER"]
[Date "2025.06.12"]
[Round "4"]
[White "Breger, Jonathan"]
[Black "Richter, Felix"]
[Result "0-1"]
[Termination "normal"]
[Board "16"]
[WhiteElo "1019"]
[BlackElo "1201"]
[WhiteClock "00:36:19"]
[BlackClock "00:58:23"]
[PlyCount "132"]
[WhiteFideId "533035768"]
[BlackFideId "533043663"]
[EventCountry "GER"]
[EventRounds "7"]
[EventType "swiss"]
[EventDate "2025.06.10"]

1. e4 {[%clk 01:00:26]} {[%emt 00:00:04]} e5 {[%clk 01:00:28]} {[%emt
00:00:03]} 2. Nf3 {[%clk 01:00:33]} {[%emt 00:00:07]} Nc6 {[%clk 01:00:38]}
{[%emt 00:00:05]} 3. d4 {[%clk 01:00:38]} {[%emt 00:00:10]} exd4 {[%clk
01:00:48]} {[%emt 00:00:05]} 4. Nxd4 {[%clk 01:00:44]} {[%emt 00:00:09]} Bc5
{[%clk 01:00:58]} {[%emt 00:00:04]} 5. Nxc6 {[%clk 00:59:10]} {[%emt 00:01:49]}
dxc6 {[%clk 01:01:09]} {[%emt 00:00:05]} 6. Qxd8+ {[%clk 00:59:02]} {[%emt
00:00:22]} Kxd8 {[%clk 01:01:14]} {[%emt 00:00:10]} 7. b3 {[%clk 00:58:32]}
{[%emt 00:00:44]} Bd4 {[%clk 01:01:16]} {[%emt 00:00:13]} 8. c3 {[%clk
00:58:10]} {[%emt 00:00:37]} Bf6 {[%clk 01:00:16]} {[%emt 00:01:15]} 9. Bc4
{[%clk 00:57:39]} {[%emt 00:00:45]} b5 {[%clk 01:00:07]} {[%emt 00:00:24]} 10.
Bxf7 {[%clk 00:57:32]} {[%emt 00:00:22]} b4 {[%clk 01:00:16]} {[%emt 00:00:07]}
11. Bd2 {[%clk 00:57:14]} {[%emt 00:00:32]} Ba6 {[%clk 01:00:20]} {[%emt
00:00:11]} 12. Bc4 {[%clk 00:56:41]} {[%emt 00:00:49]} Bxc4 {[%clk 01:00:10]}
{[%emt 00:00:25]} 13. bxc4 {[%clk 00:56:35]} {[%emt 00:00:21]} Ne7 {[%clk
01:00:02]} {[%emt 00:00:22]} 14. O-O {[%clk 00:56:28]} {[%emt 00:00:22]} Ng6
{[%clk 00:59:57]} {[%emt 00:00:19]} 15. Rd1 {[%clk 00:56:14]} {[%emt 00:00:31]}
Ke7 {[%clk 00:59:55]} {[%emt 00:00:17]} 16. a3 {[%clk 00:53:28]} {[%emt
00:03:01]} Ne5 {[%clk 00:58:06]} {[%emt 00:02:04]} 17. cxb4 {[%clk 00:52:45]}
{[%emt 00:00:58]} Nf3+ {[%clk 00:57:54]} {[%emt 00:00:27]} 18. gxf3 {[%clk
00:52:02]} {[%emt 00:00:57]} Bxa1 {[%clk 00:58:07]} {[%emt 00:00:02]} 19. Bg5+
{[%clk 00:51:44]} {[%emt 00:00:34]} Bf6 {[%clk 00:58:07]} {[%emt 00:00:15]} 20.
Bxf6+ {[%clk 00:51:35]} {[%emt 00:00:24]} gxf6 {[%clk 00:58:09]} {[%emt
00:00:13]} 21. f4 {[%clk 00:51:12]} {[%emt 00:00:38]} Rad8 {[%clk 00:58:07]}
{[%emt 00:00:17]} 22. Re1 {[%clk 00:51:00]} {[%emt 00:00:28]} Rd3 {[%clk
00:58:04]} {[%emt 00:00:18]} 23. e5 {[%clk 00:50:47]} {[%emt 00:00:28]} Rhd8
{[%clk 00:57:52]} {[%emt 00:00:26]} 24. exf6+ {[%clk 00:50:40]} {[%emt
00:00:23]} Kxf6 {[%emt 00:00:23]} 25. Nc3 {[%clk 00:50:19]} {[%emt 00:00:25]}
Rxc3 {[%clk 00:57:54]} {[%emt 00:00:16]} 26. Re5 {[%clk 00:48:56]} {[%emt
00:01:38]} Rg8+ {[%clk 00:57:48]} {[%emt 00:00:21]} 27. Kf1 {[%clk 00:48:48]}
{[%emt 00:00:23]} Rc1+ {[%clk 00:57:55]} {[%emt 00:00:08]} 28. Ke2 {[%clk
00:48:53]} {[%emt 00:00:10]} Rgg1 {[%clk 00:58:01]} {[%emt 00:00:09]} 29. Rh5
{[%clk 00:48:45]} {[%emt 00:00:23]} Rge1+ {[%clk 00:58:01]} {[%emt 00:00:15]}
30. Kd2 {[%clk 00:48:41]} {[%emt 00:00:19]} Kg6 {[%clk 00:57:39]} {[%emt
00:00:37]} 31. Rg5+ {[%clk 00:48:31]} {[%emt 00:00:24]} Kh6 {[%clk 00:57:32]}
{[%emt 00:00:22]} 32. h4 {[%clk 00:48:27]} {[%emt 00:00:20]} Rg1 {[%clk
00:57:38]} {[%emt 00:00:08]} 33. c5 {[%emt 00:01:22]} Rgd1+ {[%clk 00:57:01]}
{[%emt 00:00:03]} 34. Ke3 {[%clk 00:48:01]} {[%emt 00:00:20]} Rg1 {[%clk
00:56:57]} {[%emt 00:00:22]} 35. Kd2 {[%clk 00:48:06]} {[%emt 00:00:11]} Ra1
{[%clk 00:57:00]} {[%emt 00:00:12]} 36. Ke3 {[%clk 00:47:13]} {[%emt 00:01:09]}
Rxa3+ {[%clk 00:57:05]} {[%emt 00:00:09]} 37. Ke4 {[%clk 00:47:02]} {[%emt
00:00:25]} Rxg5 {[%clk 00:56:55]} {[%emt 00:00:25]} 38. hxg5+ {[%emt 00:00:10]}
Kg6 {[%emt 00:00:21]} 39. Ke5 {[%clk 00:43:11]} {[%emt 00:03:36]} h6 {[%clk
00:56:51]} {[%emt 00:00:19]} 40. gxh6 {[%clk 00:41:20]} {[%emt 00:02:06]} Kxh6
{[%clk 00:56:58]} {[%emt 00:00:08]} 41. f5 {[%clk 00:41:19]} {[%emt 00:00:17]}
Kg5 {[%clk 00:57:05]} {[%emt 00:00:07]} 42. f4 {[%clk 00:41:21]} {[%emt
00:00:13]} Kh6 {[%clk 00:57:05]} {[%emt 00:00:14]} 43. f6 {[%clk 00:41:13]}
{[%emt 00:00:23]} Kh7 {[%clk 00:57:05]} {[%emt 00:00:15]} 44. f7 {[%clk
00:41:00]} {[%emt 00:00:29]} Kg7 {[%clk 00:57:11]} {[%emt 00:00:09]} 45. Ke6
{[%clk 00:41:02]} {[%emt 00:00:13]} Re3+ {[%clk 00:57:08]} {[%emt 00:00:18]}
46. Kd7 {[%clk 00:40:54]} {[%emt 00:00:23]} Kxf7 {[%clk 00:57:13]} {[%emt
00:00:09]} 47. Kxc7 {[%clk 00:41:01]} {[%emt 00:00:08]} Rb3 {[%clk 00:56:46]}
{[%emt 00:00:42]} 48. Kxc6 {[%clk 00:40:46]} {[%emt 00:00:32]} Rxb4 {[%clk
00:56:55]} {[%emt 00:00:06]} 49. f5 {[%clk 00:40:44]} {[%emt 00:00:16]} a5
{[%clk 00:57:00]} {[%emt 00:00:10]} 50. Kd6 {[%clk 00:40:47]} {[%emt 00:00:11]}
a4 {[%clk 00:56:57]} {[%emt 00:00:19]} 51. c6 {[%clk 00:40:55]} {[%emt
00:00:07]} Rc4 {[%clk 00:57:04]} {[%emt 00:00:07]} 52. Kd7 {[%clk 00:38:30]}
{[%emt 00:02:40]} Rxc6 {[%clk 00:57:13]} {[%emt 00:00:08]} 53. Kxc6 {[%clk
00:38:29]} {[%emt 00:00:15]} a3 {[%clk 00:57:26]} {[%emt 00:00:02]} 54. f6
{[%clk 00:38:34]} {[%emt 00:00:10]} a2 {[%clk 00:57:35]} {[%emt 00:00:06]} 55.
Kc5 {[%clk 00:38:32]} {[%emt 00:00:16]} a1=Q {[%clk 00:57:39]} {[%emt
00:00:09]} 56. Kd5 {[%emt 00:00:42]} Qxf6 {[%emt 00:00:20]} 57. Kc5 {[%emt
00:00:14]} Qd8 {[%emt 00:00:11]} 58. Kc6 {[%clk 00:37:04]} {[%emt 00:00:11]}
Ke6 {[%clk 00:57:50]} {[%emt 00:00:12]} 59. Kc5 {[%clk 00:37:05]} {[%emt
00:00:14]} Qd5+ {[%clk 00:57:57]} {[%emt 00:00:08]} 60. Kb4 {[%clk 00:37:06]}
{[%emt 00:00:14]} Qc6 {[%clk 00:58:02]} {[%emt 00:00:11]} 61. Kb3 {[%clk
00:37:01]} {[%emt 00:01:55]} Kd5 {[%clk 00:57:59]} {[%emt 00:00:41]} 62. Kb2
{[%clk 00:36:57]} {[%emt 00:00:19]} Kd4 {[%emt 00:00:23]} 63. Kb3 {[%emt
00:00:12]} Qc3+ {[%emt 00:00:09]} 64. Ka2 {[%clk 00:36:17]} {[%emt 00:00:19]}
Qb4 {[%clk 00:58:09]} {[%emt 00:00:13]} 65. Ka1 {[%clk 00:36:21]} {[%emt
00:00:11]} Kc3 {[%clk 00:58:17]} {[%emt 00:00:08]} 66. Ka2 {[%clk 00:36:19]}
{[%emt 00:00:17]} Qb2# {[%clk 00:58:23]} {[%emt 00:00:08]} 0-1